[Event "Divinsky mem."]
[Site "Winnipeg MAN"]
[Date "2019.04.09"]
[Round "2.10"]
[White "Trueman, Francis"]
[Black "Myrzaibraimova, Aibike"]
[Result "0-1"]
[WhiteElo "1433"]
[BlackElo "1509"]
[PlyCount "66"]
[EventDate "2019.04.02"]
[EventType "swiss"]
[EventRounds "4"]
[EventCountry "CAN"]

1. e4 e6 2. Nf3 d5 3. Qe2 dxe4 4. Qxe4 Nf6 5. Qe2 Nbd7 6. d3 Be7 7. Nbd2 O-O 8.
Nc4 Nc5 9. g3 Re8 10. Bg2 b5 11. Na5 Qd6 12. Ne5 Rb8 13. Nac6 Rb6 14. Bf4 Nd5
15. Nxe7+ Qxe7 16. Nc6 Rxc6 17. Bd2 Rb6 18. O-O Rb8 19. Rfe1 Bb7 20. Bh3 Qd6
21. Bg2 h6 22. Qh5 Nf6 23. Qe2 Bxg2 24. Kxg2 Qd5+ 25. Kg1 Qc6 26. Qe5 Ncd7 27.
Qe3 Nd5 28. Qf3 Qxc2 29. Bc1 Nc5 30. Re2 Qxd3 31. Qg4 Qd1+ 32. Kg2 Nf6 33. Qf3
Qd5 0-1

[Event "Divinsky mem."]
[Site "Winnipeg MAN"]
[Date "2019.04.16"]
[Round "3.1"]
[White "Czypinski, Jaroslaw"]
[Black "Wolchock, Theo"]
[Result "1/2-1/2"]
[WhiteElo "1929"]
[BlackElo "2183"]
[PlyCount "122"]
[EventDate "2019.04.02"]
[EventType "swiss"]
[EventRounds "4"]
[EventCountry "CAN"]

1. e4 c5 2. d4 cxd4 3. c3 g6 4. Nf3 Bg7 5. Bc4 e6 6. O-O Ne7 7. cxd4 d5 8. Bb5+
Bd7 9. Bxd7+ Qxd7 10. Nc3 Nbc6 11. exd5 exd5 12. Bf4 O-O 13. Ne5 Qf5 14. Nxc6
Nxc6 15. Be3 Na5 16. b3 Rac8 17. Qd2 Nc6 18. Ne2 Rfe8 19. Rac1 Qd7 20. Rc2 Ne7
21. Rfc1 Nf5 22. Rxc8 Rxc8 23. Kf1 Rc6 24. Rxc6 Qxc6 25. Qc3 Qe6 26. Qd3 Bf8
27. g3 h5 28. Nf4 Qc6 29. Ne2 Qe6 30. Nf4 Qc6 31. Ne2 Nd6 32. Nc3 Bg7 33. Bf4
Ne4 34. Nxe4 dxe4 35. Qd2 Qd5 36. Be3 b5 37. Qc3 Bf8 38. Qc7 h4 39. Qc8 Qe6 40.
Qxe6 fxe6 41. gxh4 Kf7 42. Bf4 Bg7 43. Be3 Ke7 44. Ke2 Kd6 45. d5 exd5 46. Bxa7
d4 47. Kd1 Kd5 48. a4 bxa4 49. bxa4 Kc4 50. a5 Kb5 51. Bb6 e3 52. fxe3 dxe3 53.
Ke2 Be5 54. h3 Bg3 55. Kxe3 Bxh4 56. Kf4 Be7 57. Ke5 Ka6 58. Ke6 Bh4 59. Kf7 g5
60. Kg6 Kb7 61. Bd8 g4 1/2-1/2

[Event "Divinsky mem."]
[Site "Winnipeg MAN"]
[Date "2019.04.16"]
[Round "3.2"]
[White "Abioye, Yemi"]
[Black "MacPherson, Al"]
[Result "1-0"]
[WhiteElo "2047"]
[BlackElo "1688"]
[PlyCount "97"]
[EventDate "2019.04.02"]
[EventType "swiss"]
[EventRounds "4"]
[EventCountry "CAN"]

1. e4 c5 2. Nf3 d6 3. d4 cxd4 4. Nxd4 Nf6 5. Nc3 a6 6. Bc4 e6 7. Bg5 Be7 8. Qd2
h6 9. Be3 Nbd7 10. f3 Ne5 11. Bb3 Qc7 12. O-O-O Nc4 13. Bxc4 Qxc4 14. Nb3 Bd7
15. Qd4 Qc8 16. Qb6 O-O 17. g4 Bc6 18. Qd4 e5 19. Qd2 Nh7 20. h4 Qe6 21. Qe2
Rac8 22. Nd5 Bd8 23. Qg2 f6 24. Rd2 Ba4 25. Kb1 Bxb3 26. axb3 Rf7 27. Rhd1 b5
28. Qf2 Rb7 29. Rd3 Bc7 30. Nxc7 Rbxc7 31. Rxd6 Qe8 32. c3 Nf8 33. Rxa6 Ne6 34.
b4 Rc4 35. Qd2 Rd8 36. Rd6 Rcc8 37. Bb6 Rxd6 38. Qxd6 Kh7 39. Qd7 Qxd7 40. Rxd7
Nf4 41. Rd2 Ne6 42. Be3 Rd8 43. Rd5 Rxd5 44. exd5 Nf8 45. b3 Nd7 46. c4 bxc4
47. bxc4 Kg8 48. c5 Kf8 49. c6 1-0

[Event "Divinsky mem."]
[Site "Winnipeg MAN"]
[Date "2019.04.16"]
[Round "3.3"]
[White "Green, Jim"]
[Black "Czarny, Keith"]
[Result "1-0"]
[WhiteElo "1871"]
[BlackElo "1687"]
[PlyCount "65"]
[EventDate "2019.04.02"]
[EventType "swiss"]
[EventRounds "4"]
[EventCountry "CAN"]

1. e4 g6 2. d4 Bg7 3. Nf3 d6 4. Be2 Nf6 5. Nc3 O-O 6. O-O c5 7. d5 Bd7 8. Rb1
a6 9. Bg5 b5 10. Bxf6 Bxf6 11. Qd2 b4 12. Nd1 a5 13. Ne3 Bc8 14. Rfd1 Na6 15.
h3 Nc7 16. Nc4 Na6 17. e5 dxe5 18. Ncxe5 Qc7 19. d6 exd6 20. Qxd6 Bxe5 21. Qxe5
Qxe5 22. Nxe5 Re8 23. Bf3 Rb8 24. Nc6 Rb6 25. Nxa5 Bf5 26. Rbc1 Nc7 27. Nb7 Be4
28. Bxe4 Rxe4 29. Nxc5 Rc4 30. Nd3 Ne6 31. Ne5 Re4 32. Nd7 Nd4 33. Nxb6 1-0

[Event "Divinsky mem."]
[Site "Winnipeg MAN"]
[Date "2019.04.16"]
[Round "3.4"]
[White "Prince, Colin"]
[Black "Magyar, Peter"]
[Result "1-0"]
[WhiteElo "1839"]
[BlackElo "1518"]
[PlyCount "49"]
[EventDate "2019.04.02"]
[EventType "swiss"]
[EventRounds "4"]
[EventCountry "CAN"]

1. e4 e6 2. d4 d5 3. e5 c5 4. c3 Nc6 5. Nf3 cxd4 6. cxd4 Bb4+ 7. Nc3 Nge7 8.
Bd3 Ng6 9. h4 Be7 10. g3 f5 11. exf6 Bxf6 12. Ng5 Bd7 13. Qh5 Nce7 14. Nxh7 Kf7
15. Ne2 Qg8 16. Ng5+ Kf8 17. Qf3 Nf5 18. Bd2 Nge7 19. O-O-O e5 20. dxe5 Bxe5
21. g4 Bc6 22. Bxf5 Nxf5 23. Qxf5+ Bf6 24. Nd4 Re8 25. Bb4+ 1-0

[Event "Divinsky mem."]
[Site "Winnipeg MAN"]
[Date "2019.04.16"]
[Round "3.5"]
[White "Myrzaibraimova, Aibike"]
[Black "Melnyk, Jim"]
[Result "0-1"]
[WhiteElo "1509"]
[BlackElo "1673"]
[PlyCount "128"]
[EventDate "2019.04.02"]
[EventType "swiss"]
[EventRounds "4"]
[EventCountry "CAN"]

1. e4 Nc6 2. Nf3 Nf6 3. e5 Nd5 4. Bc4 Nb6 5. Bb3 e6 6. d4 d5 7. O-O Bd7 8. Be3
Na5 9. Nbd2 Rc8 10. c3 Bb5 11. Re1 Bd3 12. Ba4+ c6 13. b4 Nac4 14. Nxc4 Bxc4
15. Qc2 Be7 16. Rab1 Nxa4 17. Qxa4 a6 18. Rec1 Bd3 19. Rb2 O-O 20. Qd1 Be4 21.
Nd2 Bg6 22. Qg4 Re8 23. Rf1 a5 24. a3 b5 25. f4 Ra8 26. Ra2 Ra7 27. Rfa1 Qa8
28. Nb3 axb4 29. cxb4 Bxb4 30. Qd1 Rxa3 31. Rxa3 Bxa3 32. Bc1 b4 33. Bb2 Re7
34. Qc1 Ra7 35. Qc5 h6 36. Ra2 Bd3 37. Bxa3 bxa3 38. Nd2 Bb5 39. Nb1 Bc4 40.
Ra1 a2 41. Nd2 Bb5 42. Nb3 Ra3 43. Qb4 Qa4 44. Qxa4 Rxa4 45. g3 Ra3 46. Nc1 Bc4
47. Kf2 Kf8 48. Ke1 Ke8 49. Kd2 Kd7 50. Kc2 Kc7 51. Kb2 Rf3 52. Nxa2 Rf2+ 53.
Kb1 Rxh2 54. Nb4 Rh1+ 55. Kb2 Rxa1 56. Kxa1 Kb6 57. Kb2 c5 58. dxc5+ Kxc5 59.
Nc2 Bd3 60. Ne1 Kd4 61. Kc1 Ke3 62. Kd1 Be4 63. Kc1 Kf2 64. Kd2 Kxg3 0-1

[Event "Divinsky mem."]
[Site "Winnipeg MAN"]
[Date "2019.04.16"]
[Round "3.7"]
[White "Furda, Ievgeniia-Diana"]
[Black "Leaden, Bruce"]
[Result "1-0"]
[WhiteElo "1595"]
[BlackElo "1481"]
[PlyCount "49"]
[EventDate "2019.04.02"]
[EventType "swiss"]
[EventRounds "4"]
[EventCountry "CAN"]

1. e4 e5 2. Nf3 Nc6 3. d4 exd4 4. Nxd4 Nf6 5. Nc3 Bb4 6. Nxc6 Bxc3+ 7. bxc3
bxc6 8. Bd3 O-O 9. O-O Re8 10. Re1 d6 11. Bf4 Ng4 12. e5 Nxe5 13. Bxe5 Rxe5 14.
Rxe5 Bg4 15. Qxg4 dxe5 16. Qe4 g6 17. Qxc6 Rb8 18. Qe4 Qd6 19. Re1 f6 20. Bc4+
Kg7 21. Qd5 Qe7 22. Rd1 c5 23. Qd7 Qxd7 24. Rxd7+ Kh6 25. f3 1-0

[Event "Divinsky mem."]
[Site "Winnipeg MAN"]
[Date "2019.04.16"]
[Round "3.8"]
[White "Piche, Zachary"]
[Black "Gannon, Keith"]
[Result "1/2-1/2"]
[WhiteElo "1495"]
[BlackElo "1481"]
[PlyCount "63"]
[EventDate "2019.04.02"]
[EventType "swiss"]
[EventRounds "4"]
[EventCountry "CAN"]

1. Nf3 Nf6 2. c4 c5 3. Nc3 Nc6 4. g3 g6 5. Bg2 Bg7 6. d3 d6 7. O-O O-O 8. Bd2
Bd7 9. Qc2 Nb4 10. Qd1 Qc8 11. a3 Nc6 12. Rb1 Bh3 13. b4 Bxg2 14. Kxg2 b6 15.
Nd5 cxb4 16. axb4 Nxd5 17. cxd5 Ne5 18. Nxe5 Bxe5 19. Qa4 Qb7 20. Qc6 Rab8 21.
Rfc1 Bf6 22. Bh6 Bg7 23. Bxg7 Kxg7 24. Rc2 f5 25. e4 h5 26. Rbc1 f4 27. Qc7 f3+
28. Kg1 Rf7 29. Qxb7 Rxb7 30. Rc7 e5 31. R7c6 Rbd7 32. h4 1/2-1/2

[Event "Divinsky mem."]
[Site "Winnipeg MAN"]
[Date "2019.04.16"]
[Round "3.9"]
[White "Myrzaibraimova, Alia"]
[Black "Trueman, Francis"]
[Result "0-1"]
[WhiteElo "1272"]
[BlackElo "1433"]
[PlyCount "78"]
[EventDate "2019.04.02"]
[EventType "swiss"]
[EventRounds "4"]
[EventCountry "CAN"]

1. e4 d6 2. d4 g6 3. Nf3 Nf6 4. Nc3 Bg7 5. Be3 O-O 6. Bd3 c6 7. O-O Qc7 8. Qd2
e5 9. d5 Nbd7 10. Bh6 Nc5 11. Bg5 Nxd3 12. cxd3 Bd7 13. h3 Nh5 14. Ne2 cxd5 15.
exd5 Qb6 16. g4 Nf6 17. Bxf6 Bxf6 18. Qh6 Bg7 19. Qh4 Qd8 20. Qxd8 Raxd8 21. b3
e4 22. Nfd4 exd3 23. Rfd1 dxe2 24. Rd2 Rfe8 25. Re1 Bxd4 26. Rxd4 f5 27. g5 Re7
28. f4 Rde8 29. Kf2 Re4 30. Rxe4 fxe4 31. h4 Bg4 32. Kg3 Bf3 33. Kf2 Rc8 34.
Rg1 Rc2 35. Ra1 Rd2 36. a4 Rd1 37. Rxd1 exd1=Q 38. Kg3 Qg1+ 39. Kh3 Qg2# 0-1

[Event "Divinsky mem."]
[Site "Winnipeg MAN"]
[Date "2019.04.23"]
[Round "4.1"]
[White "Wolchock, Theo"]
[Black "Abioye, Yemi"]
[Result "1-0"]
[WhiteElo "2183"]
[BlackElo "2047"]
[PlyCount "85"]
[EventDate "2019.04.02"]
[EventType "swiss"]
[EventRounds "4"]
[EventCountry "CAN"]

1. e4 e6 2. d4 d5 3. Nc3 Nf6 4. Bg5 Be7 5. e5 Nfd7 6. h4 a6 7. Qg4 g6 8. Bxe7
Qxe7 9. h5 c5 10. hxg6 fxg6 11. Bd3 cxd4 12. Bxg6+ Kd8 13. Qxd4 Nc6 14. Qd2
Ndxe5 15. Bd3 Nxd3+ 16. Qxd3 Bd7 17. Nf3 Kc7 18. O-O-O Qg7 19. g3 Rac8 20. Qe3
Kb8 21. Qg5 Qf7 22. Ne5 Nxe5 23. Qxe5+ Ka8 24. Rd2 Qg6 25. Ne2 Rhf8 26. Nf4 Qf7
27. c3 Rce8 28. Nd3 Qe7 29. Re1 Rf5 30. Qxf5 exf5 31. Rxe7 Rxe7 32. Nf4 Bc6 33.
Nxd5 Bxd5 34. Rxd5 Rf7 35. Kd2 Ka7 36. Ke3 Re7+ 37. Kf3 Rf7 38. Kf4 Re7 39.
Kxf5 Re2 40. f4 Rxb2 41. Ke6 Rxa2 42. f5 Rc2 43. Rd3 1-0

[Event "Divinsky mem."]
[Site "Winnipeg MAN"]
[Date "2019.04.23"]
[Round "4.2"]
[White "Green, Jim"]
[Black "Czypinski, Jaroslaw"]
[Result "0-1"]
[WhiteElo "1871"]
[BlackElo "1929"]
[PlyCount "94"]
[EventDate "2019.04.02"]
[EventType "swiss"]
[EventRounds "4"]
[EventCountry "CAN"]

1. e4 d5 2. exd5 Qxd5 3. Nf3 Nc6 4. Nc3 Qa5 5. Be2 Nf6 6. O-O Bg4 7. d3 e6 8.
Bd2 Qb6 9. Rc1 Bxf3 10. Bxf3 Nd4 11. Be3 Nxf3+ 12. Qxf3 Qa6 13. a4 Qc6 14.
Qxc6+ bxc6 15. Ne4 Nd7 16. d4 Be7 17. Bf4 O-O-O 18. Ng5 Bxg5 19. Bxg5 Nf6 20.
Rfd1 Rd5 21. Bxf6 gxf6 22. Kf1 Rhd8 23. c3 c5 24. Ke2 cxd4 25. cxd4 Rxd4 26.
Rxd4 Rxd4 27. b3 Rb4 28. Kd3 c6 29. Kc3 a5 30. Rd1 Kc7 31. Rd3 h5 32. Rg3 Kd7
33. Rg8 Rf4 34. f3 h4 35. Rh8 Ke7 36. h3 Kd7 37. Ra8 Rf5 38. Rh8 Rg5 39. Rxh4
Rxg2 40. Rg4 Rh2 41. Rg3 f5 42. b4 axb4+ 43. Kxb4 f6 44. a5 Rb2+ 45. Kc5 Rb5+
46. Kc4 Rxa5 47. Rg7+ Kd6 0-1

[Event "Divinsky mem."]
[Site "Winnipeg MAN"]
[Date "2019.04.23"]
[Round "4.3"]
[White "Melnyk, Jim"]
[Black "Prince, Colin"]
[Result "0-1"]
[WhiteElo "1673"]
[BlackElo "1839"]
[PlyCount "78"]
[EventDate "2019.04.02"]
[EventType "swiss"]
[EventRounds "4"]
[EventCountry "CAN"]

1. e4 e5 2. Nf3 Nc6 3. Bc4 Nf6 4. Ng5 d5 5. exd5 Na5 6. Bb5+ c6 7. dxc6 bxc6 8.
Bd3 Nd5 9. Ne4 Nf4 10. Bf1 f5 11. Nec3 Bc5 12. d3 Qb6 13. Qf3 Ne6 14. Na4 Qb4+
15. Nbc3 Nd4 16. Qd1 Be7 17. a3 Qd6 18. b4 Nb7 19. Bd2 O-O 20. Ne2 Ne6 21. Nb2
Bf6 22. Nc4 Qe7 23. Bc3 Nd4 24. Ne3 Nb5 25. Bb2 Be6 26. c3 Rad8 27. Qc2 Qf7 28.
Nc1 N7d6 29. Be2 Qg6 30. Bf3 e4 31. dxe4 fxe4 32. Be2 Be5 33. a4 Qf6 34. Bxb5
cxb5 35. O-O Qh4 36. g3 Qh3 37. Ne2 Rf6 38. Ng2 Rh6 39. Nh4 Rxh4 0-1

[Event "Divinsky mem."]
[Site "Winnipeg MAN"]
[Date "2019.04.23"]
[Round "4.4"]
[White "MacPherson, Al"]
[Black "Crawford, Gary"]
[Result "1/2-1/2"]
[WhiteElo "1688"]
[BlackElo "1584"]
[PlyCount "98"]
[EventDate "2019.04.02"]
[EventType "swiss"]
[EventRounds "4"]
[EventCountry "CAN"]

1. d4 Nf6 2. c4 e6 3. Nc3 b6 4. e4 Bb7 5. Bd3 d6 6. Nge2 Nbd7 7. Ng3 g6 8. O-O
Bg7 9. f4 Qe7 10. e5 dxe5 11. fxe5 Ng8 12. Nb5 Nb8 13. Qe1 a6 14. Nc3 Nc6 15.
Qf2 f6 16. Be4 O-O-O 17. Bxc6 Bxc6 18. exf6 Qxf6 19. Qe2 Qxd4+ 20. Be3 Qxe3+
21. Qxe3 Bd4 22. Qxd4 Rxd4 23. Rad1 Rxd1 24. Rxd1 Nf6 25. Rf1 Nd7 26. Nge4 b5
27. Ng5 e5 28. cxb5 axb5 29. b4 h6 30. Nge4 Bxe4 31. Nxe4 Rf8 32. Rc1 Rf4 33.
Nd6+ Kb8 34. Nxb5 Rxb4 35. Nxc7 Ra4 36. Rc2 Nb6 37. Ne6 Rc4 38. Rb2 Ka7 39. Nf8
g5 40. Ng6 e4 41. Ne5 Rc7 42. Ng4 Rc6 43. Ne5 Re6 44. Ng4 e3 45. Kf1 h5 46.
Nxe3 Rxe3 47. Rb5 Re6 48. Rxg5 Rh6 49. a4 Ka6 1/2-1/2

[Event "Divinsky mem."]
[Site "Winnipeg MAN"]
[Date "2019.04.23"]
[Round "4.5"]
[White "Czarny, Keith"]
[Black "Boron, Anthony"]
[Result "0-1"]
[WhiteElo "1687"]
[BlackElo "1983"]
[PlyCount "78"]
[EventDate "2019.04.02"]
[EventType "swiss"]
[EventRounds "4"]
[EventCountry "CAN"]

1. Nf3 d5 2. g3 Nf6 3. Bg2 c6 4. O-O Bf5 5. d4 h6 6. Nc3 Nbd7 7. Bd2 e6 8. a3
Bd6 9. Qc1 Qc7 10. b4 Ne4 11. Nh4 Nxc3 12. Bxc3 Bh7 13. Bd2 Nf6 14. Nf3 Ne4 15.
Be1 O-O 16. c4 Rfe8 17. c5 Be7 18. Nd2 Nf6 19. Nf3 Ne4 20. Nd2 Nxd2 21. Bxd2
Bf6 22. Bf4 e5 23. dxe5 Bxe5 24. Bxe5 Qxe5 25. Ra2 a5 26. Rd2 axb4 27. axb4 Ra4
28. Qb2 Qe7 29. e3 Rea8 30. Rfd1 Be4 31. Bxe4 Qxe4 32. Rd4 Qf3 33. Rf1 Ra2 34.
Qb1 Re2 35. Rf4 Qh5 36. Qd3 Raa2 37. h4 Qe5 38. Rf5 Qe6 39. Qd4 Qxf5 0-1

[Event "Divinsky mem."]
[Site "Winnipeg MAN"]
[Date "2019.04.23"]
[Round "4.7"]
[White "Magyar, Peter"]
[Black "Myrzaibraimova, Aibike"]
[Result "0-1"]
[WhiteElo "1518"]
[BlackElo "1509"]
[PlyCount "102"]
[EventDate "2019.04.02"]
[EventType "swiss"]
[EventRounds "4"]
[EventCountry "CAN"]

1. d4 d5 2. Bf4 Nf6 3. e3 Bf5 4. c3 e6 5. Be2 c5 6. Nd2 Nc6 7. Ngf3 Qb6 8. b3
cxd4 9. cxd4 Ba3 10. e4 Nxe4 11. Nxe4 Bxe4 12. Bd3 Bxf3 13. Qxf3 Qxd4 14. O-O
O-O 15. Rad1 Qf6 16. Qh3 h6 17. Qg3 e5 18. Bd2 Bd6 19. f4 e4 20. Bb1 Nd4 21.
Rde1 Bc5 22. Kh1 Nf5 23. Qc3 Qxc3 24. Bxc3 Ne3 25. Rf2 f5 26. b4 Nd1 27. bxc5
Nxf2+ 28. Kg1 Ng4 29. a4 Rac8 30. Bd4 Nf6 31. Be3 Nd7 32. Rc1 Rc6 33. Ba2 Nf6
34. Bd4 Rd8 35. a5 Ra6 36. Ra1 Kf8 37. Bb3 Ke7 38. Be5 Ke6 39. Bd6 Ne8 40. Be5
Rc8 41. Bd4 g6 42. Bd1 h5 43. Be2 Rac6 44. Bb5 R6c7 45. a6 bxa6 46. Rxa6+ Kf7
47. Ba4 Re7 48. Be3 Rcc7 49. Bc6 Nf6 50. Bd4 Re6 51. Bxf6 Kxf6 0-1

[Event "Divinsky mem."]
[Site "Winnipeg MAN"]
[Date "2019.04.23"]
[Round "4.8"]
[White "Trueman, Francis"]
[Black "Gannon, Keith"]
[Result "0-1"]
[WhiteElo "1433"]
[BlackElo "1481"]
[PlyCount "130"]
[EventDate "2019.04.02"]
[EventType "swiss"]
[EventRounds "4"]
[EventCountry "CAN"]

1. e4 e5 2. d3 Nf6 3. Nd2 Bc5 4. h3 d5 5. Ngf3 Nc6 6. c3 O-O 7. a4 a5 8. g3
dxe4 9. dxe4 Re8 10. Bg2 Qd3 11. Qe2 Qxe2+ 12. Kxe2 b6 13. Nh2 Ba6+ 14. Ke1 Bd3
15. Bf3 Rad8 16. Ng4 Nxg4 17. Bxg4 g6 18. Be2 Bxe2 19. Kxe2 Rd7 20. Nb3 Bf8 21.
Bg5 h6 22. Be3 Red8 23. h4 h5 24. Nd2 Kh7 25. Nf3 f6 26. Nh2 Bh6 27. Bxh6 Kxh6
28. Nf3 Na7 29. Rag1 Nc8 30. Rd1 Nd6 31. Nd2 Nb7 32. f3 Nc5 33. g4 hxg4 34.
fxg4 Nxa4 35. g5+ fxg5 36. hxg5+ Kg7 37. Nc4 Rxd1 38. Rxd1 Rxd1 39. Kxd1 b5 40.
Nxe5 Nxb2+ 41. Kc2 Na4 42. Nd7 Kf7 43. Kb3 Ke7 44. Nf6 Nc5+ 45. Ka3 Ke6 46. Nd5
c6 47. Nf4+ Kf7 48. e5 Ne6 49. Nh3 c5 50. Kb3 a4+ 51. Ka3 Ke7 52. c4 bxc4 53.
Kxa4 Kd7 54. Ka3 Kc6 55. Kb2 Kd5 56. Kc3 Kxe5 57. Kxc4 Kd6 58. Kd3 Kd5 59. Kc3
c4 60. Kc2 Kd4 61. Kd2 c3+ 62. Kc2 Kc4 63. Kc1 Kb3 64. Nf2 Nxg5 65. Nd3 Ne4 0-1

[Event "Divinsky mem."]
[Site "Winnipeg MAN"]
[Date "2019.04.23"]
[Round "4.9"]
[White "Leaden, Bruce"]
[Black "Myrzaibraimova, Alia"]
[Result "1-0"]
[WhiteElo "1481"]
[BlackElo "1272"]
[PlyCount "95"]
[EventDate "2019.04.02"]
[EventType "swiss"]
[EventRounds "4"]
[EventCountry "CAN"]

1. f4 d5 2. Nf3 Nc6 3. g3 Bf5 4. Bg2 Nb4 5. d3 Nf6 6. Bd2 e6 7. Nd4 Bc5 8. Nxf5
exf5 9. c3 Nc6 10. b4 Bd6 11. Qb3 Be7 12. Na3 a6 13. Nc2 O-O 14. Ne3 d4 15.
Nxf5 Re8 16. Bxc6 bxc6 17. Nxd4 Qd7 18. Qa4 c5 19. Qxd7 Nxd7 20. bxc5 Bxc5 21.
Nf3 Rab8 22. d4 Ba7 23. e3 Rb2 24. O-O Nf6 25. Bc1 Rc2 26. Ne5 Bb8 27. c4 c5
28. Rf2 Rxf2 29. Kxf2 cxd4 30. exd4 Ba7 31. Ke3 Ng4+ 32. Kd3 Nxh2 33. c5 f6 34.
Nc6 Ra8 35. Ba3 Kf7 36. Re1 Rc8 37. d5 Bb8 38. Re7+ Kf8 39. Rb7 Bc7 40. d6 Bd8
41. Na7 Ra8 42. c6 Bb6 43. c7 Ke8 44. Rb8+ Rxb8 45. cxb8=Q+ Kd7 46. Qxb6 Ke6
47. Qe3+ Kf5 48. d7 1-0

[Event "Divinsky mem."]
[Site "Winnipeg MAN"]
[Date "2019.04.30"]
[Round "5.1"]
[White "Czypinski, Jaroslaw"]
[Black "Abioye, Yemi"]
[Result "1/2-1/2"]
[WhiteElo "1929"]
[BlackElo "2047"]
[PlyCount "117"]
[EventDate "2019.04.02"]
[EventType "swiss"]
[EventRounds "4"]
[EventCountry "CAN"]

1. d4 c6 2. c3 d5 3. Bf4 Bf5 4. e3 e6 5. Bd3 Bg6 6. Nf3 Nd7 7. Ne5 Ngf6 8. Nxg6
hxg6 9. h3 Qb6 10. Qb3 c5 11. Qxb6 Nxb6 12. Bb5+ Nbd7 13. Nd2 Be7 14. Nf3 O-O
15. Bxd7 Nxd7 16. Ke2 Rfc8 17. Rhc1 Rc6 18. Ne5 Nxe5 19. Bxe5 Rac8 20. Kd1 f6
21. Bg3 Kf7 22. Rc2 g5 23. f3 f5 24. Be5 Bf6 25. Bxf6 Kxf6 26. Rac1 c4 27. Rf2
b5 28. e4 f4 29. exd5 exd5 30. Re2 Re6 31. Rxe6+ Kxe6 32. Kd2 Kd7 33. Re1 Re8
34. Rxe8 Kxe8 35. Kc2 Kd7 36. Kd2 Ke6 37. Ke2 a5 38. a3 Kd6 39. Kd2 Ke6 40. Ke2
Kf5 41. Kf2 Kg6 42. Ke2 Kh5 43. Kf1 Kh4 44. Kf2 Kh5 45. Ke2 Kg6 46. Kd2 Kf5 47.
Ke2 Ke6 48. Kd2 Kd6 49. Kc2 Kc6 50. Kb1 b4 51. a4 Kd6 52. Kc2 Ke6 53. Kd2 b3
54. Ke2 Kf6 55. Kf2 Kf5 56. Ke2 Kg6 57. Kf2 Kh5 58. Kf1 Kh4 59. Kf2 1/2-1/2

[Event "Divinsky mem."]
[Site "Winnipeg MAN"]
[Date "2019.04.30"]
[Round "5.2"]
[White "Boron, Anthony"]
[Black "Wolchock, Theo"]
[Result "1/2-1/2"]
[WhiteElo "1983"]
[BlackElo "2183"]
[PlyCount "225"]
[EventDate "2019.04.02"]
[EventType "swiss"]
[EventRounds "4"]
[EventCountry "CAN"]

1. b3 d5 2. Bb2 Nf6 3. e3 c5 4. Nf3 Nc6 5. Bb5 e6 6. Ne5 Bd7 7. Nxd7 Qxd7 8. d3
Bd6 9. Nd2 a6 10. Bxc6 Qxc6 11. Nf3 O-O 12. Be5 Nd7 13. Bxd6 Qxd6 14. O-O b5
15. c4 Rac8 16. Qe2 Rfd8 17. Rfd1 Nb6 18. cxb5 axb5 19. Rac1 Ra8 20. Ng5 Qe7
21. f4 e5 22. Qf2 f6 23. Nf3 e4 24. Nh4 g6 25. Rc2 Rac8 26. Qg3 c4 27. dxc4
dxc4 28. Rdc1 Rd5 29. bxc4 Nxc4 30. a4 Rcd8 31. axb5 Rd1+ 32. Rxd1 Rxd1+ 33.
Kf2 Qb4 34. Re2 Kf7 35. Qh3 Qxb5 36. Qc8 Kg7 37. Qe6 Qd5 38. Qe7+ Qf7 39. Qxe4
Nd6 40. Qa4 Rb1 41. Rd2 Qe7 42. Ke2 Rb7 43. Qa3 Rd7 44. Nf3 Nc4 45. Qxe7+ Rxe7
46. Rd3 Kf7 47. Nd2 Nxd2 48. Rxd2 Ke6 49. Kf3 f5 50. Ra2 Rb7 51. Ra5 h6 52.
Ra6+ Kf7 53. h3 Kg7 54. Re6 Kf7 55. Re5 Kf6 56. g4 Rb6 57. Rc5 Ra6 58. Rc8 Re6
59. Rf8+ Kg7 60. Rd8 Re7 61. Rd5 Kf6 62. gxf5 gxf5 63. Rd6+ Kg7 64. h4 Ra7 65.
h5 Kh7 66. Rf6 Ra5 67. Rf7+ Kg8 68. Re7 Ra6 69. Re5 Rf6 70. Ke2 Kg7 71. Kd3
Rd6+ 72. Kc4 Kf6 73. Kc5 Rd3 74. Kc4 Rd6 75. Rd5 Re6 76. Kd4 Ra6 77. Rc5 Rd6+
78. Rd5 Ra6 79. Rd8 Ra4+ 80. Kd3 Ra5 81. Rg8 Ra3+ 82. Ke2 Ra2+ 83. Kf3 Rh2 84.
Rg6+ Kf7 85. Rxh6 Kg7 86. Rg6+ Kf7 87. Rg5 Kf6 88. Kg3 Re2 89. Kf3 Rh2 90. Rg6+
Kf7 91. Rb6 Rxh5 92. Ke2 Rh2+ 93. Kd3 Ra2 94. Rb4 Kf6 95. Rc4 Ra5 96. Kd4 Ra3
97. Rc6+ Kf7 98. Rd6 Ke7 99. Rh6 Kf7 100. Rc6 Ke7 101. Rc4 Ra5 102. Rc5 Ra3
103. Rc4 Kf6 104. Rc6+ Ke7 105. Ke5 Rxe3+ 106. Kxf5 Kf7 107. Rc7+ Kf8 108. Kf6
Kg8 109. Rc8+ Kh7 110. f5 Rf3 111. Ke6 Kg7 112. Rc7+ Kg8 113. Kf6 1/2-1/2

[Event "Divinsky mem."]
[Site "Winnipeg MAN"]
[Date "2019.04.30"]
[Round "5.3"]
[White "Prince, Colin"]
[Black "MacPherson, Al"]
[Result "1-0"]
[WhiteElo "1839"]
[BlackElo "1688"]
[PlyCount "45"]
[EventDate "2019.04.02"]
[EventType "swiss"]
[EventRounds "4"]
[EventCountry "CAN"]

1. e4 c5 2. b4 e6 3. bxc5 Bxc5 4. d4 Be7 5. Nf3 a6 6. Bd3 b5 7. Bb2 Nf6 8. Nbd2
Bb7 9. Qe2 O-O 10. h4 Nc6 11. e5 Nd5 12. Bxh7+ Kh8 13. Ng5 Nf4 14. Qg4 Ng6 15.
Nxf7+ Rxf7 16. Bxg6 Rf5 17. Bxf5 exf5 18. Qxf5 Bf8 19. Nf3 Qe8 20. Ng5 g6 21.
Qh3 Nb4 22. h5 gxh5 23. Qf5 1-0

[Event "Divinsky mem."]
[Site "Winnipeg MAN"]
[Date "2019.04.30"]
[Round "5.4"]
[White "Crawford, Gary"]
[Black "Green, Jim"]
[Result "1/2-1/2"]
[WhiteElo "1584"]
[BlackElo "1871"]
[PlyCount "47"]
[EventDate "2019.04.02"]
[EventType "swiss"]
[EventRounds "4"]
[EventCountry "CAN"]

1. e4 e5 2. Nf3 Nf6 3. Nxe5 d6 4. Nf3 Nxe4 5. Qe2 Qe7 6. d4 d5 7. h3 Nc6 8.
Nbd2 Nxd2 9. Bxd2 Qxe2+ 10. Bxe2 Bd6 11. O-O-O h6 12. c3 Be6 13. Rde1 O-O-O 14.
Bb5 a6 15. Ba4 b5 16. Bc2 Rhe8 17. Re2 Bd7 18. Rhe1 Rxe2 19. Rxe2 Re8 20. Rxe8+
Bxe8 21. Nh4 Bd7 22. Nf5 Bf8 23. Ne3 Ne7 24. Kd1 1/2-1/2

[Event "Divinsky mem."]
[Site "Winnipeg MAN"]
[Date "2019.04.30"]
[Round "5.5"]
[White "Czarny, Keith"]
[Black "Melnyk, Jim"]
[Result "0-1"]
[WhiteElo "1687"]
[BlackElo "1673"]
[PlyCount "116"]
[EventDate "2019.04.02"]
[EventType "swiss"]
[EventRounds "4"]
[EventCountry "CAN"]

1. Nf3 Nc6 2. c4 e5 3. d3 d6 4. g3 f5 5. Bg5 Nf6 6. Bg2 Be7 7. O-O Bd7 8. Nc3
O-O 9. Bxf6 Bxf6 10. Nd5 Rb8 11. b4 Nxb4 12. Nxb4 e4 13. Rb1 exf3 14. Bxf3 c6
15. Nc2 Be6 16. Bg2 Qc7 17. f4 Rfd8 18. e3 d5 19. cxd5 Bxd5 20. Bxd5+ Rxd5 21.
Qe2 c5 22. Rfc1 Qd8 23. Ne1 b6 24. e4 Bd4+ 25. Kh1 fxe4 26. dxe4 Rd7 27. Nf3
Qe7 28. Ng5 h6 29. Nf3 Rbd8 30. Rd1 Qe6 31. f5 Qf7 32. Nh4 Re8 33. Ng6 Qxf5 34.
Qc4+ Qf7 35. Qxf7+ Kxf7 36. Nh4 Rxe4 37. Rf1+ Bf6 38. Rf3 Rde7 39. Nf5 Re1+ 40.
Rxe1 Rxe1+ 41. Kg2 Re2+ 42. Rf2 Rxf2+ 43. Kxf2 Ke6 44. g4 Ke5 45. Ke2 Kf4 46.
h3 h5 47. Nd6 hxg4 48. hxg4 Kxg4 49. Nc8 g5 50. Nxa7 Kf4 51. Kf2 g4 52. Nc8 Bd8
53. Nd6 Bc7 54. Nb5 Be5 55. Na3 Ke4 56. Nc4 g3+ 57. Kg2 Bc7 58. a3 Kd4 0-1

[Event "Divinsky mem."]
[Site "Winnipeg MAN"]
[Date "2019.04.30"]
[Round "5.6"]
[White "Myrzaibraimova, Aibike"]
[Black "Piche, Zachary"]
[Result "1-0"]
[WhiteElo "1509"]
[BlackElo "1495"]
[PlyCount "31"]
[EventDate "2019.04.02"]
[EventType "swiss"]
[EventRounds "4"]
[EventCountry "CAN"]

1. e4 c5 2. Nf3 d6 3. d4 cxd4 4. Nxd4 Nf6 5. Nc3 a6 6. Bc4 Nbd7 7. O-O e5 8.
Nf3 b5 9. Bb3 Bb7 10. Ng5 d5 11. Nxd5 Nxd5 12. Bxd5 Bxd5 13. Qxd5 Qb8 14. Qxf7+
Kd8 15. Ne6+ Kc8 16. Qe8+ 1-0

[Event "Divinsky mem."]
[Site "Winnipeg MAN"]
[Date "2019.04.30"]
[Round "5.7"]
[White "Gannon, Keith"]
[Black "Leaden, Bruce"]
[Result "1-0"]
[WhiteElo "1481"]
[BlackElo "1481"]
[PlyCount "40"]
[EventDate "2019.04.02"]
[EventType "swiss"]
[EventRounds "4"]
[EventCountry "CAN"]

1. Nf3 Nc6 2. Nc3 e5 3. d3 Nf6 4. e4 Bc5 5. h3 d6 6. Be2 Be6 7. O-O h6 8. a3 a5
9. Na4 Ba7 10. c4 Qd7 11. Bd2 g5 12. b4 g4 13. hxg4 Bxg4 14. b5 Nd4 15. Nxd4
Bxd4 16. Rb1 Rg8 17. Be3 Bh3 18. Bf3 Bxg2 19. Bxg2 Qh3 20. Qf3 Qxf3 1-0